| 000 | 00962cam a22002895a 4500 | ||
|---|---|---|---|
| 999 |
_c21739 _d21711 |
||
| 001 | 18516523 | ||
| 003 | EG-ScBUE | ||
| 005 | 20210309110111.0 | ||
| 008 | 150305s2015 enka f b 001 0 eng d | ||
| 020 | _a9780199668496 | ||
| 040 |
_aDLC _beng _erda _cDLC _dEG-ScBUE |
||
| 082 | 0 | 4 |
_a820.9001 _bTRE _222 |
| 100 | 1 |
_aTreharne, Elaine M., _eauthor. _939973 |
|
| 245 | 1 | 0 |
_aMedieval literature : _ba very short introduction / _cElaine Treharne. |
| 264 | 1 |
_aOxford : _bOxford University Press, _c2015. |
|
| 300 |
_a141 pages : _billustrations ; _c18 cm |
||
| 336 |
_2rdacontent _atext _btxt |
||
| 337 |
_2rdamedia _aunmediated _bn |
||
| 338 |
_2rdacarrier _avolume _bnc |
||
| 504 | _aIncludes bibliographical references and index. | ||
| 650 | 7 |
_a English literature _yMiddle English, 1100-1500. _2BUEsh _939975 |
|
| 650 | 7 |
_aLiterature, Medieval. _2BUEsh _939974 |
|
| 651 | _2BUEsh | ||
| 653 |
_cMay2016 _bHHUUEENN |
||
| 655 |
_vReading book _934232 |
||
| 942 |
_2ddc _cBB |
||